| 000 -LEADER |
| fixed length control field |
nam a22 a 4500 |
| 003 - CONTROL NUMBER IDENTIFIER |
| control field |
AM-YeNLA |
| 005 - DATE AND TIME OF LATEST TRANSACTION |
| control field |
20260213151819.0 |
| 007 - PHYSICAL DESCRIPTION FIXED FIELD--GENERAL INFORMATION |
| fixed length control field |
ta |
| 008 - FIXED-LENGTH DATA ELEMENTS--GENERAL INFORMATION |
| fixed length control field |
260213s2024 ai ||||gr|||||000|0|arm|| |
| 020 ## - INTERNATIONAL STANDARD BOOK NUMBER |
| International Standard Book Number |
978-9939-60-889-1 |
| 040 ## - CATALOGING SOURCE |
| Language of cataloging |
arm |
| Transcribing agency |
AM-YeNLA |
| 041 0# - LANGUAGE CODE |
| Language code of text/sound track or separate title |
arm |
| 100 0# - MAIN ENTRY--PERSONAL NAME |
| 9 (RLIN) |
33224 |
| Personal name |
Մխիթար Գոշ, |
| Dates associated with a name |
1120-1213 |
| 245 10 - TITLE STATEMENT |
| Title |
Առակք Մխիթարայ Գոշի = |
| Remainder of title |
Մխիթար Գոշի առակները / |
| Statement of responsibility, etc. |
Խմբագիրներ՝ Ա․ Ավանեսյան, Լ․ Սարգսյան ; Աշխատասիրութեամբ՝ Վ․ Եղիազարյանի ; Մասնակի աշխատասիրութեամբ՝ Թ․ Ամիրխանյանի ; [Առաջաբանի հեղինակ՝ Վ. Եղիազարյան] ; Գրախոսներ՝ Հ․ Բախչինյան, Վ․ Դևրիկյան. |
| 250 ## - EDITION STATEMENT |
| Edition statement |
2-րդ վերամշ. հրատ. |
| 260 ## - PUBLICATION, DISTRIBUTION, ETC. (IMPRINT) |
| Place of publication, distribution, etc. |
Երևան : |
| Name of publisher, distributor, etc. |
ՎՄՎ-Պրինտ, |
| Date of publication, distribution, etc. |
2024. |
| 300 ## - PHYSICAL DESCRIPTION |
| Extent |
464 էջ ; |
| Dimensions |
21 սմ․ |
| 504 ## - BIBLIOGRAPHY, ETC. NOTE |
| Bibliography, etc |
Տողատակերում՝ մատենագիտական ծանոթագրություններ։ |
| 504 ## - BIBLIOGRAPHY, ETC. NOTE |
| Bibliography, etc |
Մատենագիտական ցանկ՝ էջ 430-432։ |
| 504 ## - BIBLIOGRAPHY, ETC. NOTE |
| Bibliography, etc |
Թարգմանություններ՝ էջ 432-435։ |
| 504 ## - BIBLIOGRAPHY, ETC. NOTE |
| Bibliography, etc |
Ուսումնասիրություններ՝ էջ 436-444։ |
| 504 ## - BIBLIOGRAPHY, ETC. NOTE |
| Bibliography, etc |
Բնագրային ծանոթագրություններ՝ էջ 426։ |
| 504 ## - BIBLIOGRAPHY, ETC. NOTE |
| Bibliography, etc |
Ծանոթագրություններ՝ 427-428։ |
| 504 ## - BIBLIOGRAPHY, ETC. NOTE |
| Bibliography, etc |
Անվանացանկ՝ էջ 429։ |
| 546 ## - LANGUAGE NOTE |
| Language note |
Բնագիրը գրաբար և աշխարհաբար զուգադիր փոխադրությամբ։ |
| 650 14 - SUBJECT ADDED ENTRY--TOPICAL TERM |
| Topical term or geographic name as entry element |
Հայ առակներ |
| 700 1# - ADDED ENTRY--PERSONAL NAME |
| Personal name |
Եղիազարյան, Վանո Ալբերտի, |
| Relator term |
կազմ. |
| Relator code |
com |
| Relator term |
առաջաբանի հեղ. |
| Relator code |
aui |
| 700 1# - ADDED ENTRY--PERSONAL NAME |
| Personal name |
Ամիրխանյան, Թագուհի |
| Relator term |
կազմ. |
| Relator code |
com |
| 700 1# - ADDED ENTRY--PERSONAL NAME |
| Personal name |
Ավանեսյան, Արմեն Ավանեսի |
| Relator term |
խմբ. |
| Relator code |
edt |
| 700 1# - ADDED ENTRY--PERSONAL NAME |
| Personal name |
Սարգսյան, Լևոն |
| Relator term |
խմբ. |
| Relator code |
edt |
| 700 1# - ADDED ENTRY--PERSONAL NAME |
| Personal name |
Դևրիկյան, Վարդան Գևորգի |
| Relator term |
գրախոս |
| Relator code |
rev |
| 700 1# - ADDED ENTRY--PERSONAL NAME |
| Personal name |
Բախչինյան, Հենրիկ Գրիգորի, |
| Dates associated with a name |
1948- |
| Relator term |
գրախոս |
| Relator code |
rev |
| 9 (RLIN) |
31685 |
| 942 ## - ADDED ENTRY ELEMENTS (KOHA) |
| Source of classification or shelving scheme |
|
| Koha item type |
Books |